The chinese electronic industry (Record no. 615203)

MARC details
000 -LEADER
fixed length control field 00550nam a2200181 a 4500
008 - FIXED-LENGTH DATA ELEMENTS--GENERAL INFORMATION
fixed length control field 260221s2026##################000#0#eng##
020 ## - INTERNATIONAL STANDARD BOOK NUMBER
ISBN 9790849331748
Paper back/Hardbound pbk
082 04 - DEWEY DECIMAL CLASSIFICATION NUMBER
Classification number 338.4762 PEC
100 ## - MAIN ENTRY--AUTHOR NAME
Personal name Pecht,Michael,...[et.al.]
245 10 - TITLE STATEMENT
Title The chinese electronic industry
Statement of responsibility, etc /Michael Pecht...[et.al.]
250 ## - EDITION STATEMENT
Edition statement 1st ed.
260 ## - PUBLICATION, DISTRIBUTION, ETC. (IMPRINT)
Place of publication New York:
Name of publisher CRC Press,
Year of publication 1999.
300 ## - PHYSICAL DESCRIPTION
Number of Pages 173p.
Dimensions ;23cm.
490 ## - SERIES STATEMENT
Series statement The electronic industry research series
650 ## - SUBJECT ADDED ENTRY--TOPICAL TERM
Topical Term Production of electronic equipment
942 ## - ADDED ENTRY ELEMENTS (KOHA)
Koha item type English Books
Holdings
Withdrawn status Lost status Damaged status Not for loan Home library Current library Shelving location Date acquired Full call number Accession Number Price effective from Koha item type
        Anna Centenary Library Anna Centenary Library 4TH FLOOR, A WING 21.02.2026 338.4762 PEC 145441 21.02.2026 English Books

Find us on the map